[Event "AUT98_M-ch"]
[Site "Werfen"]
[Date "1998.08.16"]
[Round "9.22"]
[White "Steinermayr, Thomas"]
[Black "Steiner, Bruno"]
[Result "1-0"]
[WhiteElo "2220"]
[BlackElo "2185"]
[PlyCount "141"]
[EventDate "1998.08.15"]

1. e4 e5 2. Nf3 Nc6 3. Bb5 a6 4. Ba4 Nf6 5. O-O Nxe4 6. d4 b5 7. Bb3 d5 8. dxe5
Be6 9. c3 Bc5 10. Nbd2 O-O 11. Bc2 Nxf2 12. Rxf2 f6 13. exf6 Qxf6 14. Qf1 Rae8
15. Nb3 Bxf2+ 16. Qxf2 Ne5 17. Be3 Nxf3+ 18. Qxf3 Qxf3 19. gxf3 Rxf3 20. Bf2
Bh3 21. Nd2 Rf4 22. Bg3 Rf6 23. Re1 Rxe1+ 24. Bxe1 Re6 25. Kf2 Bg4 26. Bd3 c5
27. Bf1 Rh6 28. Bg2 Be6 29. Nf3 Rf6 30. Ke3 h6 31. Ne5 Rf5 32. Bg3 h5 33. Nd3
h4 34. Bxh4 d4+ 35. cxd4 cxd4+ 36. Kxd4 Bxa2 37. Bg3 a5 38. Ne5 Rf8 39. Nc6 a4
40. Kc5 Bc4 41. Nd4 Re8 42. Bc6 Re3 43. Bf4 Re1 44. Nxb5 g5 45. Bg3 Rc1 46. Kb4
Bf7 47. Nc3 Rc2 48. Ka3 Rc1 49. Bxa4 Ra1+ 50. Kb4 Rc1 51. b3 Ra1 52. Ne4 g4 53.
Nf6+ Kf8 54. Nxg4 Rd1 55. Ne5 Be6 56. Nc4 Rd3 57. Bc6 Ke7 58. Bh4+ Kf8 59. Bg3
Ke7 60. Na5 Rd2 61. Kb5 Bg4 62. b4 Rb2 63. Kc5 Be6 64. b5 Ra2 65. Nb7 Rc2+ 66.
Kb6 Bb3 67. Kc7 Ba4 68. Bd6+ Kf6 69. Nc5 Rc4 70. Nxa4 Rxa4 71. b6 1-0

[Event "AUT98_M-ch"]
[Site "Werfen"]
[Date "1998.08.16"]
[Round "9.23"]
[White "Neihs, Harald"]
[Black "Senoner, Erich Jun"]
[Result "1/2-1/2"]
[WhiteElo "2180"]
[BlackElo "2160"]
[PlyCount "110"]
[EventDate "1998.08.15"]

1. d4 c5 2. dxc5 Qa5+ 3. Bd2 Qxc5 4. Nf3 d6 5. e3 Nf6 6. c4 e6 7. Nc3 a6 8. Bd3
Qc7 9. Rc1 Nbd7 10. O-O b6 11. Qe2 Bb7 12. Nd4 Ne5 13. Bb1 Be7 14. b3 h5 15. f3
O-O-O 16. Na4 Kb8 17. e4 Nfd7 18. Be3 g5 19. Qf2 g4 20. f4 g3 21. Qxg3 Rdg8 22.
Qe1 Ng4 23. Rf3 Nxe3 24. Qxe3 Nc5 25. Nc3 Rg4 26. Rg3 Rhg8 27. Rxg4 Rxg4 28.
Bc2 d5 29. cxd5 Rxf4 30. Nf3 Nxb3 31. Bxb3 Bc5 32. Nd4 e5 33. Nce2 Bxd4 34.
Nxd4 exd4 35. Qd2 Qe5 36. Bc2 f5 37. Rd1 fxe4 38. Qxd4 Qd6 39. Bxe4 h4 40. h3
Ka7 41. Qd3 a5 42. Bf3 Rb4 43. Qe3 Bc8 44. Re1 Kb8 45. a3 Rb2 46. Qd4 Rb3 47.
Qxh4 Rxa3 48. Rc1 Qe5 49. Re1 Ra1 50. Rxa1 Qxa1+ 51. Kh2 Qe5+ 52. Kg1 Qa1+ 53.
Kf2 Qb2+ 54. Kg3 Qg7+ 55. Kh2 Qe5+ 1/2-1/2

[Event "AUT98_M-ch"]
[Site "Werfen"]
[Date "1998.08.16"]
[Round "9.24"]
[White "Wersching, Alfred"]
[Black "Gerhold, Michael"]
[Result "1-0"]
[WhiteElo "2100"]
[BlackElo "2265"]
[PlyCount "65"]
[EventDate "1998.08.15"]

1. d4 Nf6 2. c4 e6 3. Nf3 b6 4. a3 Ba6 5. Qc2 Bb7 6. Nbd2 c5 7. e3 cxd4 8. exd4
Be7 9. Bd3 d6 10. O-O Nbd7 11. b3 Nf8 12. c5 dxc5 13. dxc5 Bxc5 14. b4 Be7 15.
Ne5 Qd5 16. Ndf3 Ng6 17. Qa4+ Kf8 18. Bc4 Qe4 19. Re1 Qf5 20. Bd3 Qh5 21. Bg5
Bxf3 22. Nxf3 h6 23. Be3 Nh4 24. Nxh4 Qxh4 25. Bxb6 Rd8 26. Bxd8 Bxd8 27. Qxa7
g6 28. Rad1 Nd5 29. Bxg6 fxg6 30. Rxe6 Nf4 31. Re3 Be7 32. Rxe7 Qg4 33. g3 1-0